Solutions manual for : microeconomic theory: Andreu-Mas Collel, Michael D. Whinston and Jerry R. Green

Saved in:
Bibliographic Details
Main Author: Hara, Chiaki
Other Authors: Segal, Ilya, Tadelis, Steve
Format: Book
Language:English
Published: New York : Oxford University Press, c1997
Subjects:
Tags: Add Tag
No Tags, Be the first to tag this record!

MARC

LEADER 00000nam a2200000 i 4500
001 1/95159
008 991206s1997 eng d
020 |a 0-19-510798-5 
035 |l 10055177 
040 |a GR-MY-UA  |b gre  |e aacr 
041 0 |a eng 
082 0 |a 338.5 
100 0 |a Hara, Chiaki. 
245 1 0 |a Solutions manual for :  |b microeconomic theory: Andreu-Mas Collel, Michael D. Whinston and Jerry R. Green /  |c prepared by: Chiaki Hara, Ilya Segal and Steve Tadelis 
260 |a New York :   |b Oxford University Press,   |c c1997 
300 |a 1 v (in various paging) 
650 0 0 |a Microeconomics. 
700 1 |a Segal, Ilya. 
700 1 |a Tadelis, Steve. 
852 |a INST  |b CHIOS  |e 19991206  |h 338.5 HAR  |p 005200019207  |q 005200019207  |t BK  |y 0 
901 |a BIBL2-1999-3 
909 |a Χ  |b 070734 
922 |a 2ΕΛΗ  |b 199911  |c ΤΝΕΥ  |d ΠΑΠΑΣΩΤΗΡΙΟΥ 
950 |a 125-1999-07-15